Вып. 59 : Железные руды; Требования промышленности к качеству минерального сырья

Xehetasun bibliografikoak
Parent link:Требования промышленности к качеству минерального сырья: справочник для геологов/ Всесоюзный научно-исследовательский институт минерального сырья ; ред. кол. В. С. Веселовский и [др.]. Вып. 59 : Железные руды.— , 1945-1948
Egile nagusia: Тагиров К. Х.
Beste egile batzuk: Цылев Л. М. (редактор), Соколов Г. А.
Hizkuntza:errusiera
Argitaratua: 1948
Gaiak:
Formatua: MixedMaterials Liburua
KOHA link:https://koha.lib.tpu.ru/cgi-bin/koha/opac-detail.pl?biblionumber=352554

MARC

LEADER 00000nam2a2200000 4500
001 352554
005 20231102010517.0
035 |a (RuTPU)RU\TPU\retro\9210 
035 |a RU\TPU\retro\9206 
090 |a 352554 
100 |a 20200122d1948 km y0rusy50 ca 
101 0 |a rus 
102 |a RU 
105 |a a g 001zy 
200 0 |a Вып. 59 : Железные руды  |f К. Х. Тагиров, Л. М. Цылев  |g ред. Г. А. Соколов 
210 |d 1948 
215 |a 75 с.  |c табл. 
320 |a Литература: с. 75 
461 1 |0 (RuTPU)RU\TPU\book\372908  |t Требования промышленности к качеству минерального сырья  |o справочник для геологов  |f Всесоюзный научно-исследовательский институт минерального сырья ; ред. кол. В. С. Веселовский и [др.]  |v Вып. 59 : Железные руды  |d 1945-1948 
606 1 |a Минеральное сырье  |x Анализ  |2 stltpush  |3 (RuTPU)RU\TPU\subj\44018 
606 1 |a Железные руды  |x Геология  |2 stltpush  |3 (RuTPU)RU\TPU\subj\10478  |9 37546 
610 1 |a требования 
610 1 |a промышленность 
610 1 |a качество 
610 1 |a справочники 
675 |a 553.08(035)  |v 3 
675 |a 553.31(035)  |v 3 
700 1 |a Тагиров  |b К. Х. 
701 1 |a Цылев  |b Л. М. 
702 1 |a Соколов  |b Г. А.  |4 340 
801 1 |a RU  |b 63413507  |c 20070227  |g PSBO 
801 2 |a RU  |b 63413507  |c 20200130  |g PSBO 
942 |c BK